000
00290nam a22001097a 4500
082
_a
604.2 VIE'E
100
_a
COOPER, CHARLES D,MACHOVINA, PAUL E,VIERCK, CHARLES J
_9
57039
245
_a
ENGINEERING DRAWING PROBLEMS
260
_a
NEWYORK
_b
MCGRAW HILL
_c
1953
300
_a
107P
942
_c
BK
999
_c
567349
_d
567349